000 00612nam a2200241 a 4500
999 _c12439
_d12439
001 12439
003 BD-JhCC
005 20220216103508.0
008 220216b2005 enk |||| ||a| 000 0 eng d
020 _a9780061715778
035 _a(BD-JhCC)12439
040 _aBD-JhCC
_dBD-JhCC
041 _aenglish
082 _a297.27
_bRAU 2005
100 _aRauf,Imam Feisal Abdul
245 _aWhat's Right With Islam /
_cImam Feisal Abdul Rauf.
260 _aNew York :
_bHarper One;
_c2005.
300 _a314 p. :
_c20 cm.
650 _aIslam
650 _aIslam And Politics
942 _2ddc
_cBK